000 02249nam0a2200397 4500
001 RU\NLR\BIBL_A\012493234
005 20210924125624.0
010 _a978-5-392-33074-4
_91000
021 _aRU
_bКН-П-20-077079
_9КН-П-20-5822
035 _a(NLR Aleph) 012493234
035 _a(RuMoRGB)010504474
090 _a12190307
_c12190307
100 _a20210402d2021 u y0rusy50 ca
101 0 _arus
_aeng
102 _aRU
105 _ay z ||000z
181 0 _ai
_baxxe
182 0 _an
200 1 _aСредства пожаротушения и пожарной сигнализации
_dFire extinguishing and fire alarm systems
_eучебно-методическое пособие
_fЛ. М. Маркарянц
_gМосковский государственный лингвистический университет, Военная кафедра
_zeng
203 _aТекст
_bвизуальный
_cнепосредственный
210 _aМосква
_cПроспект
_d2021 [т.е. 2020]
215 _a21, [3] с.
_cил.
_d21
300 _aНа обороте тит. с. авт.: Маркарянц Л.М., к.т.н., доц.
300 _aАвт. также на англ. яз.: L.M. Markaryants
300 _aФактическая дата выхода в свет - 2020
320 _aБиблиогр.: с. 23 (4 назв.)
510 1 _6z20790
_aFire extinguishing and fire alarm systems
_zeng
606 1 _aПожарное оборудование
_jУчебно-методические пособия для высших учебных заведений
_2nlr_sh1
_2nlr_sh2
_3RU\NLR\AUTH\66223074
606 1 _aПожарная сигнализация
_xАппараты и приборы
_jУчебно-методические пособия для высших учебных заведений
_2nlr_sh1
_2nlr_sh2
_3RU\NLR\AUTH\66867447
686 1 _aН960.2-5я73-1
700 1 _aМаркарянц
_bЛ. М.
_cд-р техн. наук
_gЛариса Межлумовна
_3RU\NLR\AUTH\770148409
790 1 _6z20510
_aMarkarjanс
_bL.M.
_cд-р техн. наук
_gLarisa Mežlumovna
_3RU\NLR\AUTH\770229941
942 _cBOOK
980 _aNB